000 006310000a22001090004500
100 1 _aBuiles, Mauricio
245 1 0 _aLa nueva compañía de los prohombres de la patria
300 _aVol.0, núm.20 (Mayo, 2007), Páginas 13-14
520 _aLas fotografías de la artista paisa han sacudido a todo los críticos que han pasado por el Encuentro Internacional de Arte de Medellín. Libia Posada ha hecho una inserción en una sala del siglo XIX en donde rostros femeninos amoratados están junto al establecimiento del arte decimonónico. ¿Quién es esta artista?
773 0 _tArcadia / Andrés Felipe Solano, Editor
942 _cANA
999 _c62185
_d62185